PRACTICAL HANBOOK OF GENETICS (Record no. 25672)

MARC details
000 -LEADER
fixed length control field 00319nam a22001457a 4500
003 - CONTROL NUMBER IDENTIFIER
control field SGT
020 ## - INTERNATIONAL STANDARD BOOK NUMBER
International Standard Book Number 978-93-272-7248-2
082 ## - DEWEY DECIMAL CLASSIFICATION NUMBER
Classification number 576.5
Item number PAL
100 ## - MAIN ENTRY--PERSONAL NAME
Personal name PALI, VIKAS
245 ## - TITLE STATEMENT
Title PRACTICAL HANBOOK OF GENETICS
260 ## - PUBLICATION, DISTRIBUTION, ETC. (IMPRINT)
Place of publication, distribution, etc DELHI
Name of publisher, distributor, etc KALYANI
Year of Publication 2017
300 ## - PAGE DESCRIPTION
No. of Pages 113
650 ## - SUBJECT ADDED ENTRY--TOPICAL TERM
Topical term or geographic name as entry element GENETICS
942 ## - ADDED ENTRY ELEMENTS (KOHA)
Source of classification or shelving scheme Dewey Decimal Classification
Koha item type Books
942 ## - ADDED ENTRY ELEMENTS (KOHA)
-- 2
Holdings
Withdrawn status Lost status Source of classification or shelving scheme Damaged status Not for loan Home library Current library Shelving location Date acquired Vendor Name Cost, normal purchase price SGTU Bill Number Full call number Accession No. (Barcode) Date last seen Bill Date Koha item type Total Checkouts Date last borrowed
    Dewey Decimal Classification     SGT Science & Social Sciences Library SGT Science & Social Sciences Library Text Book 20/02/2024 KALYANI 150.00 SGTU 2140 576.5 PAL AG2291 20/02/2024   Books    
    Dewey Decimal Classification     SGT Science & Social Sciences Library SGT Science & Social Sciences Library Text Book 20/02/2024 KALYANI 150.00 SGTU 2140 576.5 PAL AG2292 12/12/2024   Books 2 14/08/2024
    Dewey Decimal Classification     SGT Science & Social Sciences Library SGT Science & Social Sciences Library Text Book 20/02/2024 KALYANI 150.00 SGTU 2140 576.5 PAL AG2293 20/02/2024   Books    
    Dewey Decimal Classification   Not For Loan SGT Science & Social Sciences Library SGT Science & Social Sciences Library Reference Book 20/02/2024 KALYANI 150.00 SGTU 2140 576.5 PAL AG2294 20/02/2024   Books    
    Dewey Decimal Classification     SGT Science & Social Sciences Library SGT Science & Social Sciences Library Text Book 20/02/2024 KALYANI 150.00 SGTU 2140 576.5 PAL AG2295 20/02/2024   Books